000 00808nam a22002897a 4500
001 0011823
003 KOHA_MİRAKIL
005 20260207001830.0
007 ta
008 111226b1996 tu |||gr||||#0|||1|tur |
020 _a9751009472
040 _aTR-BiSEU
_btur
_cTR-BiSEU
_erda
041 0 _atur
044 _ctu
050 _aPE1174
_b.A73 1996
100 1 _aArdanancı, Ertan.
245 1 _aİngilizcede yapılan kelime ve gramer hataları/
_cErtan Ardanancı ; Ertan Ardanancı.
264 1 _aİstanbul :
_bİnkılap
_c1996
300 _a270 sayfa; 20 cm.
336 _ametin
_btxt
_2rdacontent
337 _aaracısız
_bn
_2rdamedia
338 _acilt
_bnc
_2rdacarrier
650 0 _aİngiliz dili.
_928784
650 0 _aEnglish language.
_928785
907 _aDil
942 _2lcc
_cBK
999 _c11792
_d11792